[Event "Titled Tuesday intern op 02nd Apr Early"]
[Site "Chess.com INT"]
[Date "2024.04.02"]
[Round "9"]
[White "Orzech, Dominik"]
[Black "Kuchava, Ana"]
[Result "1-0"]
[WhiteElo "2248"]
[BlackElo "2101"]
[PlyCount "79"]
[EventDate "2024.04.02"]
[EventType "swiss (blitz)"]
[EventRounds "11"]
[EventCountry "USA"]
[SourceTitle "CB15_2024"]
[SourceDate "2024.04.10"]
[SourceVersion "1"]
[SourceVersionDate "2024.04.10"]
[SourceQuality "1"]

1. d4 d5 2. c4 e6 3. Nc3 Be7 4. Nf3 Nf6 5. cxd5 exd5 6. Bg5 c6 7. Qc2 g6 8. e4 dxe4 9. Bxf6 Bxf6 10. Qxe4+ Qe7 11. Bc4 Bf5 12. Qe3 0-0 13. 0-0 Qxe3 14. fxe3 Kg7 15. e4 Bg4 16. e5 Be7 17. h3 Bxf3 18. Rxf3 Nd7 19. Raf1 f5 20. exf6+ Nxf6 21. Ne4 Nxe4 22. Rf7+ Rxf7 23. Rxf7+ Kh8 24. Rxe7 Nd6 25. Bb3 Rd8 26. h4 a5 27. g4 Rf8 28. h5 gxh5 29. gxh5 h6 30. Rd7 Rf6 31. Bc2 Kg8 32. Bg6 Kf8 33. a4 b5 34. Ra7 Nc4 35. b3 Nd2 36. Rxa5 Nxb3 37. Ra8+ Ke7 38. a5 Nxd4 39. a6 b4 40. a7 1-0

[Event "POL-chT 1st League"]
[Site "Leba"]
[Date "2023.09.26"]
[Round "4.10"]
[White "Orzech, Dominik"]
[Black "Krzywda, Andrzej"]
[Result "1/2-1/2"]
[WhiteElo "2263"]
[BlackElo "2210"]
[PlyCount "21"]
[EventDate "2023.09.23"]
[EventType "team-swiss"]
[EventRounds "9"]
[EventCountry "POL"]
[SourceTitle "EXT 2024"]
[Source "ChessBase"]
[SourceDate "2023.10.10"]
[SourceVersion "1"]
[SourceVersionDate "2023.10.10"]
[SourceQuality "1"]
[WhiteTeam "Bydgoszcz Wiartrak"]
[BlackTeam "Chroscice Victoria"]
[WhiteTeamCountry "POL"]
[BlackTeamCountry "POL"]

1. c4 e6 2. Nc3 d5 3. d4 Nf6 4. Nf3 a6 5. cxd5 exd5 6. Bg5 Be6 7. e3 Nbd7 8. Bd3 Bd6 9. 0-0 c6 10. Qc2 Qc7 11. Bh4 1/2-1/2

[Event "Katowice POL-HUN 10th"]
[Site "Katowice"]
[Date "2023.09.10"]
[Round "6"]
[White "Orzech, Dominik"]
[Black "Bartel, Mateusz"]
[Result "0-1"]
[WhiteElo "2263"]
[BlackElo "2621"]
[PlyCount "70"]
[EventDate "2023.09.09"]
[EventType "swiss (rapid)"]
[EventRounds "9"]
[EventCountry "POL"]
[SourceTitle "EXT 2024"]
[Source "ChessBase"]
[SourceDate "2023.10.10"]
[SourceVersion "1"]
[SourceVersionDate "2023.10.10"]
[SourceQuality "1"]

1. c4 b6 2. Nc3 Bb7 3. Nf3 Nf6 4. d4 e6 5. a3 g6 6. g3 Bg7 7. Bg2 0-0 8. 0-0 Ne4 9. Nxe4 Bxe4 10. Be3 Nc6 11. Rc1 Ne7 12. Bf4 d6 13. Qd2 Nf5 14. Bg5 f6 15. Be3 Qe8 16. Rfd1 Rd8 17. Ne1 Bxg2 18. Nxg2 e5 19. dxe5 fxe5 20. b4 Kh8 21. c5 bxc5 22. bxc5 d5 23. Qa5 Nxe3 24. Nxe3 Qf7 25. Rf1 d4 26. Nc4 e4 27. Qxa7 Rd5 28. Nd2 Bh6 29. Qa5 Qe6 30. Rcd1 Qh3 31. Rfe1 Rxf2 32. Qa8+ Kg7 33. Kxf2 Qxh2+ 34. Kf1 Qh1+ 35. Kf2 Be3# 0-1

[Event "Katowice POL-HUN 10th"]
[Site "Katowice"]
[Date "2023.09.09"]
[Round "5"]
[White "Orzech, Dominik"]
[Black "Sanetra, Szymon"]
[Result "1-0"]
[WhiteElo "2263"]
[BlackElo "2018"]
[PlyCount "69"]
[EventDate "2023.09.09"]
[EventType "swiss (rapid)"]
[EventRounds "9"]
[EventCountry "POL"]
[SourceTitle "EXT 2024"]
[Source "ChessBase"]
[SourceDate "2023.10.10"]
[SourceVersion "1"]
[SourceVersionDate "2023.10.10"]
[SourceQuality "1"]

1. d4 d5 2. c4 e6 3. Nc3 Nf6 4. Bg5 Be7 5. e3 Nbd7 6. Nf3 0-0 7. cxd5 exd5 8. Qc2 c6 9. Bd3 Re8 10. 0-0 Nf8 11. Rab1 Ng6 12. Bxf6 Bxf6 13. b4 a6 14. a4 Bg4 15. Nd2 Qd6 16. Rfc1 Bd8 17. Bf5 Bxf5 18. Qxf5 Bc7 19. g3 Ne7 20. Qf3 Qh6 21. Nb3 Qg5 22. Nc5 b6 23. Nd3 h5 24. b5 axb5 25. axb5 Qg6 26. Nb4 Ra3 27. Ne2 h4 28. bxc6 hxg3 29. hxg3 Qg5 30. Nc2 Ra2 31. Nc3 Ra5 32. Nb5 Rxb5 33. Rxb5 Nf5 34. Rxd5 Nh4 35. Qh1 1-0

[Event "Titled Tuesday intern op 09th May Early"]
[Site "Chess.com INT"]
[Date "2023.05.09"]
[Round "5"]
[White "Lavrik, Dmitry"]
[Black "Orzech, Dominik"]
[Result "1-0"]
[WhiteElo "2414"]
[BlackElo "2308"]
[PlyCount "81"]
[EventDate "2023.05.09"]
[EventType "swiss (blitz)"]
[EventRounds "11"]
[EventCountry "USA"]
[SourceTitle "CBM 214 Extra"]
[Source "ChessBase"]
[SourceDate "2023.07.31"]
[SourceVersion "1"]
[SourceVersionDate "2023.07.31"]
[SourceQuality "1"]

1. c4 Nf6 2. Nf3 g6 3. Nc3 Bg7 4. e4 d6 5. d4 0-0 6. Be2 e5 7. 0-0 Nc6 8. d5 Ne7 9. Ne1 Ne8 10. Be3 f5 11. f3 f4 12. Bf2 g5 13. c5 b6 14. b4 Nf6 15. Rc1 Bd7 16. a4 Ng6 17. a5 h5 18. cxd6 cxd6 19. Nb5 Qe7 20. Nc7 Rac8 21. axb6 axb6 22. Bxb6 g4 23. Ne6 Bxe6 24. dxe6 gxf3 25. gxf3 Qxe6 26. Bc7 d5 27. b5 Rxc7 28. Rxc7 Qb6+ 29. Kh1 Qxc7 30. exd5 Rd8 31. Qb1 Ne7 32. b6 Qb7 33. Bc4 Nexd5 34. Nd3 Re8 35. Re1 Nd7 36. Qb5 N7xb6 37. Qxe8+ Kh7 38. Qxh5+ Bh6 39. Nxe5 Ne3 40. Qg6+ Kh8 41. Qg8# 1-0

[Event "Titled Tuesday intern op 09th May Early"]
[Site "Chess.com INT"]
[Date "2023.05.09"]
[Round "3"]
[White "Orzech, Dominik"]
[Black "Moroni, Luca Jr"]
[Result "0-1"]
[WhiteElo "2308"]
[BlackElo "2535"]
[PlyCount "80"]
[EventDate "2023.05.09"]
[EventType "swiss (blitz)"]
[EventRounds "11"]
[EventCountry "USA"]
[SourceTitle "CBM 214 Extra"]
[Source "ChessBase"]
[SourceDate "2023.07.31"]
[SourceVersion "1"]
[SourceVersionDate "2023.07.31"]
[SourceQuality "1"]

1. d4 g6 2. Nf3 Bg7 3. c4 d6 4. g3 Bd7 5. Bg2 Qc8 6. Qb3 Nc6 7. d5 Ne5 8. Nxe5 Bxe5 9. Nd2 Bg7 10. 0-0 Nf6 11. e4 b6 12. Re1 e5 13. dxe6 Bxe6 14. e5 dxe5 15. Qb5+ Nd7 16. Bxa8 Qxa8 17. Ne4 0-0 18. Ng5 Bf5 19. Qd5 Qxd5 20. cxd5 Nc5 21. Be3 Nd3 22. Re2 e4 23. Rb1 h6 24. Nxe4 Bxe4 25. Bxh6 f5 26. Bxg7 Kxg7 27. Rd1 Rf7 28. Red2 Ne5 29. Kf1 Nf3 30. Re2 Nxh2+ 31. Ke1 Nf3+ 32. Kf1 Rd7 33. Re3 Kf6 34. b4 g5 35. Ra3 Ke5 36. Rxa7 Bxd5 37. Kg2 g4 38. a4 Rh7 39. Rc1 Nd4+ 40. Kf1 Rh1# 0-1

[Event "Titled Tuesday intern op 09th May Early"]
[Site "Chess.com INT"]
[Date "2023.05.09"]
[Round "9"]
[White "Petrovic, Aleksa"]
[Black "Orzech, Dominik"]
[Result "0-1"]
[WhiteElo "2332"]
[BlackElo "2308"]
[PlyCount "42"]
[EventDate "2023.05.09"]
[EventType "swiss (blitz)"]
[EventRounds "11"]
[EventCountry "USA"]
[SourceTitle "CBM 214 Extra"]
[Source "ChessBase"]
[SourceDate "2023.07.31"]
[SourceVersion "1"]
[SourceVersionDate "2023.07.31"]
[SourceQuality "1"]

1. Nf3 Nf6 2. g3 d5 3. Bg2 g6 4. b3 Bg7 5. Bb2 0-0 6. c4 c5 7. cxd5 Qxd5 8. 0-0 Qh5 9. Qc2 Nc6 10. Rc1 b6 11. d4 Bf5 12. Qd1 Rad8 13. e3 Nb4 14. Ne1 Qh6 15. Qe2 cxd4 16. exd4 Rxd4 17. Nf3 Ng4 18. Bxd4 Qxc1+ 19. Qf1 Qxf1+ 20. Bxf1 Nc2 21. Bxg7 Kxg7 0-1

[Event "Titled Tuesday intern op 25th Apr Early"]
[Site "Chess.com INT"]
[Date "2023.04.25"]
[Round "3"]
[White "Omariev, Maksim"]
[Black "Orzech, Dominik"]
[Result "1-0"]
[WhiteElo "2304"]
[BlackElo "2308"]
[PlyCount "101"]
[EventDate "2023.04.25"]
[EventType "swiss (blitz)"]
[EventRounds "11"]
[EventCountry "USA"]
[SourceTitle "EXT 2024"]
[Source "ChessBase"]
[SourceDate "2023.10.10"]
[SourceVersion "1"]
[SourceVersionDate "2023.10.10"]
[SourceQuality "1"]

1. e4 e6 2. d4 d5 3. Nc3 Bb4 4. exd5 exd5 5. Bd3 Ne7 6. a3 Bxc3+ 7. bxc3 Bf5 8. Qf3 Qd7 9. Ne2 0-0 10. 0-0 Nbc6 11. Rb1 Na5 12. Ng3 Bg6 13. h4 b6 14. h5 Bxd3 15. cxd3 h6 16. Bf4 Rfe8 17. Rfe1 Rac8 18. Be5 Nb7 19. Qf4 Nd6 20. Re3 f6 21. Bxf6 gxf6 22. Qxh6 Ndf5 23. Nxf5 Qxf5 24. Rbe1 Kf7 25. Rf3 Rh8 26. Qxh8 Rxh8 27. Rxe7+ Kxe7 28. Rxf5 Ke6 29. g4 c5 30. dxc5 bxc5 31. c4 dxc4 32. dxc4 Rc8 33. Kg2 Rc6 34. f3 Ra6 35. Rxc5 Rxa3 36. h6 Kf7 37. Rc7+ Kg8 38. Kg3 a5 39. Kf4 a4 40. Kf5 Rxf3+ 41. Kg6 Kf8 42. h7 Rh3 43. Rc8+ Ke7 44. h8Q Rxh8 45. Rxh8 Kd6 46. Kxf6 Kc5 47. Rc8+ Kb4 48. g5 a3 49. g6 a2 50. Ra8 Kxc4 51. Rxa2 1-0

[Event "Titled Tuesday intern op 28th Mar Early"]
[Site "Chess.com INT"]
[Date "2023.03.28"]
[Round "1"]
[White "Iskusnyh, Sergei"]
[Black "Orzech, Dominik"]
[Result "1-0"]
[WhiteElo "2443"]
[BlackElo "2308"]
[PlyCount "105"]
[EventDate "2023.03.28"]
[EventType "swiss (blitz)"]
[EventRounds "11"]
[EventCountry "USA"]
[SourceTitle "EXT 2024"]
[Source "ChessBase"]
[SourceDate "2023.10.10"]
[SourceVersion "1"]
[SourceVersionDate "2023.10.10"]
[SourceQuality "1"]

1. d4 Nf6 2. c4 c6 3. Nf3 d5 4. e3 e6 5. Bd3 Nbd7 6. b3 Be7 7. Bb2 0-0 8. 0-0 b6 9. Nc3 Bb7 10. Qc2 Qc7 11. Rfe1 Rad8 12. e4 dxe4 13. Nxe4 Nxe4 14. Bxe4 Nf6 15. Bd3 c5 16. d5 exd5 17. Be5 Qc6 18. cxd5 Qxd5 19. Rad1 Qc6 20. Bxf6 Bxf6 21. Bxh7+ Kh8 22. Be4 Qc7 23. Bxb7 Qxb7 24. Qf5 Rxd1 25. Rxd1 Rd8 26. Rxd8+ Bxd8 27. Ne5 Bf6 28. Nd7 Bd4 29. Qxf7 Qe4 30. g3 Qb1+ 31. Kg2 Qxa2 32. Qh5+ Kg8 33. Qe8+ Kh7 34. Nf8+ Kg8 35. Ne6+ Kh7 36. Ng5+ Kh6 37. Ne4 Qxb3 38. g4 Qd5 39. h4 g6 40. f3 Qe5 41. Qf7 Qg7 42. Qd5 a5 43. g5+ Kh7 44. Qe6 a4 45. Nf6+ Bxf6 46. gxf6 Qf8 47. Qe7+ Kg8 48. Qe6+ Qf7 49. Qc8+ Kh7 50. Qc6 a3 51. Qxb6 a2 52. Qa6 Qxf6 53. Qxf6 1-0

[Event "Titled Tuesday intern op 7th Mar Early"]
[Site "Chess.com INT"]
[Date "2023.03.07"]
[Round "4"]
[White "Korchmar, Vasiliy"]
[Black "Orzech, Dominik"]
[Result "1-0"]
[WhiteElo "2438"]
[BlackElo "2308"]
[PlyCount "125"]
[EventDate "2023.03.07"]
[EventType "swiss (blitz)"]
[EventRounds "11"]
[EventCountry "USA"]
[SourceTitle "EXT 2024"]
[Source "ChessBase"]
[SourceDate "2023.10.10"]
[SourceVersion "1"]
[SourceVersionDate "2023.10.10"]
[SourceQuality "1"]

1. e4 c6 2. d4 d5 3. e5 c5 4. dxc5 e6 5. Bd3 Qc7 6. Nf3 Nc6 7. 0-0 Bxc5 8. Re1 Nge7 9. a3 Ng6 10. b4 Be7 11. Bb2 a6 12. Nbd2 0-0 13. c4 dxc4 14. Nxc4 b5 15. Nd6 Bxd6 16. exd6 Qxd6 17. Be4 Qxd1 18. Rexd1 Nge7 19. Ne5 Bb7 20. Nd7 Rfd8 21. Nc5 Rxd1+ 22. Rxd1 Rb8 23. Rd7 Ba8 24. Nxa6 Rc8 25. Nc7 f5 26. Bf3 e5 27. Nxa8 Rxa8 28. Rxe7 e4 29. Rxg7+ Kf8 30. Bh5 Nd8 31. Rxh7 Ra6 32. g3 Rc6 33. Be5 Rc2 34. Kg2 Rc6 35. Rh8+ Ke7 36. Bf4 Ne6 37. Be3 Rc3 38. Rb8 Nc7 39. Rb7 Kd8 40. Bb6 Rc6 41. Bxc7+ Rxc7 42. Rxc7 Kxc7 43. Kf1 Kc6 44. Ke2 Kd5 45. Bf7+ Kd4 46. h4 Kc3 47. Be8 Kb2 48. Bxb5 Kxa3 49. Bd7 Kxb4 50. Bxf5 Kc5 51. Ke3 Kd5 52. Bxe4+ Ke5 53. h5 Kf6 54. h6 Kf7 55. h7 Kg7 56. Kd4 Kh8 57. Ke5 Kg7 58. Ke6 Kh8 59. Ke7 Kg7 60. f4 Kh8 61. f5 Kg7 62. f6+ Kh8 63. f7 1-0

[Event "Titled Tuesday intern op 14th Feb Early"]
[Site "Chess.com INT"]
[Date "2023.02.14"]
[Round "8"]
[White "Juknis, Paulius"]
[Black "Orzech, Dominik"]
[Result "0-1"]
[WhiteElo "2114"]
[BlackElo "2308"]
[PlyCount "67"]
[EventDate "2023.02.14"]
[EventType "swiss (blitz)"]
[EventRounds "11"]
[EventCountry "USA"]
[SourceTitle "CBM 212 Extra"]
[Source "ChessBase"]
[SourceDate "2023.03.31"]
[SourceVersion "1"]
[SourceVersionDate "2023.03.31"]
[SourceQuality "1"]

1. e4 c6 2. d4 d5 3. exd5 cxd5 4. Bd3 Nc6 5. c3 Qc7 6. Ne2 Bg4 7. 0-0 Nf6 8. Qe1 e6 9. Bg5 Bd6 10. f3 Bh5 11. Qh4 Bg6 12. Bxg6 fxg6 13. Bxf6 gxf6 14. Qxf6 Bxh2+ 15. Kh1 Kd7 16. f4 Raf8 17. Qg7+ Ne7 18. Kxh2 Kc8 19. Qe5 Qd7 20. Nd2 Nf5 21. Nf3 h6 22. Ng3 Nd6 23. Rae1 Re8 24. Re2 Rhf8 25. b3 Nf5 26. Nxf5 exf5 27. Qxe8+ Rxe8 28. Ne5 Qb5 29. c4 dxc4 30. bxc4 Qa4 31. Rb2 b6 32. c5 Qxd4 33. Rc2 bxc5 34. Rc3 0-1

[Event "Titled Tuesday intern op 14th Feb Early"]
[Site "Chess.com INT"]
[Date "2023.02.14"]
[Round "1"]
[White "Nugumanov, Bakhtiyar"]
[Black "Orzech, Dominik"]
[Result "0-1"]
[WhiteElo "2334"]
[BlackElo "2308"]
[PlyCount "42"]
[EventDate "2023.02.14"]
[EventType "swiss (blitz)"]
[EventRounds "11"]
[EventCountry "USA"]
[SourceTitle "CBM 212 Extra"]
[Source "ChessBase"]
[SourceDate "2023.03.31"]
[SourceVersion "1"]
[SourceVersionDate "2023.03.31"]
[SourceQuality "1"]

1. Nf3 c6 2. c4 Nf6 3. g3 g6 4. Bg2 Bg7 5. 0-0 0-0 6. d4 d6 7. Nc3 Be6 8. d5 cxd5 9. cxd5 Bd7 10. e4 Qb6 11. Qe2 Na6 12. Be3 Nc5 13. e5 dxe5 14. Nxe5 Bf5 15. Na4 Rac8 16. Nxb6 axb6 17. Rac1 Nfe4 18. Bxc5 bxc5 19. Bxe4 Bxe4 20. Qxe4 b6 21. Nd7 Rfe8 0-1

[Event "Titled Tuesday intern op 14th Feb Early"]
[Site "Chess.com INT"]
[Date "2023.02.14"]
[Round "6"]
[White "Orzech, Dominik"]
[Black "Georg, Heinz"]
[Result "1/2-1/2"]
[WhiteElo "2308"]
[BlackElo "2167"]
[PlyCount "85"]
[EventDate "2023.02.14"]
[EventType "swiss (blitz)"]
[EventRounds "11"]
[EventCountry "USA"]
[SourceTitle "CBM 212 Extra"]
[Source "ChessBase"]
[SourceDate "2023.03.31"]
[SourceVersion "1"]
[SourceVersionDate "2023.03.31"]
[SourceQuality "1"]

1. e4 e5 2. Nf3 Nc6 3. Bc4 Nf6 4. Ng5 d5 5. exd5 b5 6. Bxb5 Qxd5 7. Bxc6+ Qxc6 8. 0-0 h6 9. Nf3 e4 10. Nd4 Qd5 11. c3 Bc5 12. Re1 Bxd4 13. Qa4+ Bd7 14. Qxd4 Qxd4 15. cxd4 0-0-0 16. Nc3 Bc6 17. d5 Nxd5 18. Nxd5 Rxd5 19. b3 Rd3 20. Re3 Rhd8 21. h3 f5 22. Bb2 g6 23. Bc3 f4 24. Rxd3 Rxd3 25. Re1 Kd7 26. b4 g5 27. a3 h5 28. Kf1 Ke6 29. Kg1 Kf5 30. Kf1 g4 31. hxg4+ hxg4 32. Kg1 Bb5 33. Kh2 Rd7 34. Kg1 Rh7 35. Bd4 a6 36. Bc3 c6 37. Bd4 f3 38. gxf3 gxf3 39. Be3 Rg7+ 40. Kh2 Rh7+ 41. Kg1 Rg7+ 42. Kh1 Rh7+ 43. Kg1 1/2-1/2